[Event "Hong Kong op"]
[Site "Hong Kong"]
[Date "2023.12.25"]
[Round "3"]
[White "Mahadevan, Aravind"]
[Black "Muto, Yuhiro"]
[Result "0-1"]
[WhiteElo "1306"]
[BlackElo "1686"]
[PlyCount "164"]
[EventDate "2023.12.24"]
[EventType "swiss"]
[EventRounds "9"]
[EventCountry "HKG"]
[SourceTitle "CB01_2024"]
[SourceDate "2024.01.03"]
[SourceVersion "1"]
[SourceVersionDate "2024.01.03"]
[SourceQuality "1"]

1. e4 e5 2. Bc4 Nc6 3. Nf3 Bc5 4. c3 Nf6 5. d4 exd4 6. cxd4 Bb4+ 7. Bd2 Bxd2+ 8. Nbxd2 d5 9. exd5 Nxd5 10. Qb3 Nce7 11. 0-0 0-0 12. Rac1 Nb6 13. Bd3 Bf5 14. Bxf5 Nxf5 15. Qc2 Nxd4 16. Nxd4 Qxd4 17. Nf3 Qd5 18. Rfd1 Qxa2 19. Qxc7 Rac8 20. Qxb7 Rxc1 21. Rxc1 Qxb2 22. Qc6 h6 23. Qc2 Qxc2 24. Rxc2 a5 25. Ra2 a4 26. Kf1 Ra8 27. Ke2 Nd5 28. Kd2 Kf8 29. Ne1 Ke7 30. Nc2 Kd6 31. Nd4 Kc5 32. Nc2 Nb4 33. Ra3 Nxc2 34. Kxc2 Kb4 35. Kb2 Re8 36. Rf3 Re2+ 37. Ka1 f6 38. Rg3 g5 39. Rf3 Re6 40. h3 h5 41. Ka2 Re2+ 42. Ka1 Re6 43. Ka2 Ra6 44. Re3 Rc6 45. Rf3 Rc2+ 46. Kb1 Rc6 47. Kb2 Ra6 48. Ka2 Rb6 49. Kb2 Kc4+ 50. Ka2 Kd4 51. Ra3 Ra6 52. Kb2 f5 53. Kc2 Kc4 54. Rc3+ Kb4 55. Rc8 Ra5 56. Kb2 Re5 57. Rc2 Rc5 58. Re2 Rb5 59. Rc2 Rd5 60. Ka2 Rd3 61. Kb2 h4 62. Ka2 g4 63. hxg4 fxg4 64. Re2 Rc3 65. Rb2+ Ka5 66. Re2 Kb4 67. Rb2+ Ka5 68. Re2 h3 69. gxh3 gxh3 70. Re5+ Kb4 71. Rh5 Kc4 72. Rh4+ Kd5 73. Rxa4 Rc2+ 74. Kb3 Rxf2 75. Rh4 h2 76. Kc3 Ke5 77. Rh8 Kf4 78. Rf8+ Kg3 79. Rg8+ Kh3 80. Rh8+ Kg2 81. Rg8+ Kf1 82. Rh8 Kg1 0-1

[Event "Hong Kong op"]
[Site "Hong Kong"]
[Date "2023.12.25"]
[Round "2"]
[White "Muto, Yuhiro"]
[Black "Li, Bo"]
[Result "0-1"]
[WhiteElo "1686"]
[BlackElo "2216"]
[PlyCount "110"]
[EventDate "2023.12.24"]
[EventType "swiss"]
[EventRounds "9"]
[EventCountry "HKG"]
[SourceTitle "CB01_2024"]
[SourceDate "2024.01.03"]
[SourceVersion "1"]
[SourceVersionDate "2024.01.03"]
[SourceQuality "1"]

1. e4 d5 2. exd5 Qxd5 3. Nf3 Nf6 4. d4 Bg4 5. Be2 e6 6. 0-0 c6 7. c4 Qa5 8. Bf4 Nbd7 9. a3 Be7 10. Qb3 Qb6 11. Qe3 0-0 12. Nc3 Nh5 13. Be5 Nxe5 14. Nxe5 Bxe2 15. Qxe2 Nf6 16. Rad1 Rad8 17. Qd2 Qb3 18. Qc1 Bd6 19. Rde1 c5 20. Nb5 cxd4 21. Nxd4 Qb6 22. Nb5 Bxe5 23. Rxe5 a6 24. Nc3 Qd4 25. Rg5 h6 26. Rg3 Nh5 27. Ne2 Qd2 28. Re3 Qxc1 29. Rxc1 Rd2 30. b4 Rfd8 31. g4 Nf6 32. h3 Ra2 33. Kf1 Rdd2 34. Ke1 Rdb2 35. Rd1 Kf8 36. f3 Ke8 37. Rdd3 Rc2 38. Rc3 Ra1+ 39. Kf2 Rca2 40. Kg3 b5 41. Nc1 Rb2 42. Nd3 Rd2 43. Re1 Rxd3 44. Rxd3 Rxe1 45. cxb5 axb5 46. Rc3 Nd5 47. Rc5 Re2 48. Rxb5 g5 49. Rb8+ Ke7 50. Rb7+ Kf6 51. f4 gxf4+ 52. Kf3 Re3+ 53. Kf2 Rxa3 54. b5 Rb3 55. h4 e5 0-1

[Event "World ol U16"]
[Site "Eindhoven"]
[Date "2023.08.18"]
[Round "9.21"]
[White "Jodorcovsky, Alejandro David"]
[Black "Muto, Yuhiro"]
[Result "1-0"]
[WhiteElo "2053"]
[BlackElo "1748"]
[PlyCount "77"]
[EventDate "2023.08.13"]
[EventType "team-swiss"]
[EventRounds "9"]
[EventCountry "NED"]
[SourceTitle "CBM 215 Extra"]
[Source "ChessBase"]
[SourceDate "2023.09.30"]
[SourceVersion "1"]
[SourceVersionDate "2023.09.30"]
[SourceQuality "1"]
[WhiteTeam "Paraguay"]
[BlackTeam "Japan"]
[WhiteTeamCountry "PAR"]
[BlackTeamCountry "JPN"]

1. e4 e5 2. Nf3 Nc6 3. Bb5 a6 4. Ba4 Nf6 5. d4 exd4 6. 0-0 Be7 7. e5 Ne4 8. Nxd4 0-0 9. Re1 Nxd4 10. Qxd4 d5 11. exd6 Nxd6 12. Nc3 Bf6 13. Qc5 b6 14. Qh5 Bxc3 15. bxc3 Qf6 16. Bg5 Qf5 17. Qh4 f6 18. Be3 Bb7 19. f3 c5 20. Rad1 Nf7 21. Bb3 b5 22. Bxf7+ Rxf7 23. Qf2 c4 24. Rd6 Re8 25. Bd4 Rxe1+ 26. Qxe1 Qg6 27. Rd8+ Rf8 28. Qe6+ Qf7 29. Qxf7+ Kxf7 30. Rd7+ Kg6 31. Rxb7 Re8 32. Kf2 h5 33. Rb6 Ra8 34. a4 Kf5 35. axb5 a5 36. Ra6 Rxa6 37. bxa6 a4 38. a7 a3 39. a8Q 1-0

[Event "Tokyo op"]
[Site "Tokyo"]
[Date "2018.10.07"]
[Round "4"]
[White "Asaka, Samuel"]
[Black "Muto, Yuhiro"]
[Result "1-0"]
[WhiteElo "2171"]
[BlackElo "1343"]
[PlyCount "43"]
[EventDate "2018.10.06"]
[EventType "swiss"]
[EventRounds "6"]
[EventCountry "JPN"]
[SourceTitle "CBM 187 Extra"]
[Source "ChessBase"]
[SourceDate "2018.11.04"]
[SourceVersion "1"]
[SourceVersionDate "2018.11.04"]
[SourceQuality "1"]

1. d4 Nf6 2. c4 e6 3. g3 d5 4. Nf3 c6 5. Bg2 Bd6 6. 0-0 0-0 7. Nc3 Nbd7 8. Nd2 h6 9. e4 dxe4 10. Ndxe4 Bc7 11. b3 Nxe4 12. Nxe4 Nf6 13. Bb2 Bb6 14. Qd3 c5 15. Nxf6+ Qxf6 16. dxc5 Qxb2 17. cxb6 axb6 18. a4 Qf6 19. Rad1 Ra5 20. Qd6 Ra6 21. Qc7 Qc3 22. Rd8 1-0

[Event "Tokyo op"]
[Site "Tokyo"]
[Date "2018.10.07"]
[Round "3"]
[White "Muto, Yuhiro"]
[Black "Misaka, Susumi"]
[Result "0-1"]
[WhiteElo "1343"]
[BlackElo "2176"]
[PlyCount "38"]
[EventDate "2018.10.06"]
[EventType "swiss"]
[EventRounds "6"]
[EventCountry "JPN"]
[SourceTitle "CBM 187 Extra"]
[Source "ChessBase"]
[SourceDate "2018.11.04"]
[SourceVersion "1"]
[SourceVersionDate "2018.11.04"]
[SourceQuality "1"]

1. d4 e6 2. Nf3 f5 3. g3 Nf6 4. Bg2 Be7 5. 0-0 0-0 6. c4 d6 7. Nc3 a5 8. a3 Ne4 9. Qc2 Nxc3 10. Qxc3 Bf6 11. Qc2 e5 12. dxe5 dxe5 13. Rd1 Qe7 14. e4 Nc6 15. Be3 f4 16. Bd2 Bg4 17. Rf1 Qf7 18. Ne1 Nd4 19. Qb1 f3 0-1

[Event "Tokyo op"]
[Site "Tokyo"]
[Date "2018.10.06"]
[Round "2"]
[White "Muto, Yuhiro"]
[Black "Clark, Dominic"]
[Result "1-0"]
[WhiteElo "1343"]
[BlackElo "1738"]
[PlyCount "57"]
[EventDate "2018.10.06"]
[EventType "swiss"]
[EventRounds "6"]
[EventCountry "JPN"]
[SourceTitle "CBM 187 Extra"]
[Source "ChessBase"]
[SourceDate "2018.11.04"]
[SourceVersion "1"]
[SourceVersionDate "2018.11.04"]
[SourceQuality "1"]

1. Nf3 d5 2. d4 Nf6 3. Bf4 Bf5 4. e3 e6 5. c4 c6 6. Nc3 Bd6 7. Bxd6 Qxd6 8. Be2 Nbd7 9. 0-0 0-0 10. Qb3 b6 11. a4 c5 12. Nb5 Qc6 13. cxd5 exd5 14. dxc5 bxc5 15. Rfc1 Qb6 16. a5 Qb8 17. Qa3 Re8 18. Nc3 a6 19. Rd1 Qb7 20. Rd2 Rab8 21. Rad1 Be6 22. Na4 Ne4 23. Rc2 Red8 24. Nd2 d4 25. Bf3 Bd5 26. Nxe4 Bxe4 27. Bxe4 Qxe4 28. Rcd2 Rb4 29. Nxc5 1-0